Регионална библиотека "Любен Каравелов" - Русе

Между две секунди (Запис номер 177894)

MARC детайли
000 -Лидер
Контролно поле с фиксирана дължина 01279nam a2200361 c 4500
003 - Код на организацията, давaща контролен номер
Контролно поле BLK
005 - Дата и час на последна редакция
Контролно поле 20230223102435.0
008 - Елементи от данни с фиксирана дължина
fixed length control field 180411b bul|||||r ||||||| ||bul||
010 ## - Наследен системен номер
LC control number KNG00186591000
020 ## - Международен стандартен номер на книга ISBN
Международен стандартен номер на книга ISBN 978-619-7265-01-9
040 ## - Източник на каталожния запис
Идентификатор на билиотеката - собственик на записа BLK
041 ## - Код за език
Код за езика на текст/звукозапис или на отделно заглавие Български
Код за езика КДБФ Български
072 #7 - Код за тематичната категория
Код организация bullib
Код за тематична категория Я
Текст Автографи
072 #7 - Код за тематичната категория
Код организация bullib
Код за тематична категория Н8400
Текст Българска поезия Н
072 #7 - Код за тематичната категория
Код организация bullib
Код за тематична категория РА
Текст Русенски автори
080 ## - УДК
Текстов определител УДК Българска литература
УДК код - определител по УДК 821.163.2
УДК определител -1
УДК - код + определител 821.163.2-1
100 1# - Редна дума - Автор
Автор Абаджиева, Магдалена
Авторска отговорност първи автор
R(LIN) 341193
139 ## - Редно поле
Редна дума Абаджиева, Магдалена
Авторски знак Аб - А 12
245 10 - Сведения за заглавието
Заглавие Между две секунди
Подзаглавни данни Стихотворения
Редно поле (дума) Магдалена Абаджиева.
257 ## - Страна на издаване
Страна на създаване/издаване България
260 ## - Област на издателските данни
Име на издателя, разпространителя и проч. Симолини 94
Година на издаване 2015
300 ## - Физическа характеристика
Страници 82 с.
Размери/Мащаб 20 см
380 ## - Жанр
Жанр Худож. лит.
500 ## - Общи забележки
Забележка Съдържа и за авт.
653 ## - Ключова дума – ненормативна
Ключова дума стихотворения
659 ## - Тематичен бюлетин
Тематичен бюлетин Н
659 ## - Тематичен бюлетин
Тематичен бюлетин Я
852 ## - Местоположение
Форматна сигнатура Цб 279598
856 4# - Електронен адрес и достъп
Електронен формат pdf - файл
Инструкция (цена за достъп) 0.00
Права за достъп disable
856 4# - Електронен адрес и достъп
Електронен формат pdf - файл
Инструкция (цена за достъп) 0.00
Права за достъп disable
999 ## - СИСТЕМНИ КОНТРОЛНИ НОМЕРА
Koha biblionumber 177894
Koha biblioitemnumber 177894
942 ## - АРТИКУЛИ
Вид на библиотечния материал Книги
Скрит в OPAC Не
Периодичен библиозапис Да
944 ## - СЪЗДАВАНЕ И РЕДАКЦИЯ на ЗАПИСА
Създаване/Редакция Създаване
Дата на регистрацията/редакция 18.02.2016
Статус, дата на статуса ф /
Служител, извършил регистрацията/редакцията Виолета_Тройчева
944 ## - СЪЗДАВАНЕ И РЕДАКЦИЯ на ЗАПИСА
Създаване/Редакция Редакция
Дата на регистрацията/редакция 16.06.2016
Статус, дата на статуса ф /
Служител, извършил регистрацията/редакцията Пенка_Димитрова
999 ## - СИСТЕМНИ КОНТРОЛНИ НОМЕРА
Koha biblioitemnumber 177894
999 ## - СИСТЕМНИ КОНТРОЛНИ НОМЕРА
Koha biblioitemnumber 177894
Наличности
Код за отписване Код за изгубен артикул Код за повреда Коз за рестрикции Код за отдаване Артикулен № Име на библиотеката - собственик Име на библиотеката, в която се намира в момента Статус (Текущо местоположение) Дата на вписване в системата Местоположение - отдел Цена в лева Номерация (Хронология) Инвентарен номер Систематично азбучна сигнатура Баркод Номер на екземпляра Цена в евро Служебна бележка Служебен тип на артикула Източник на класификационната схема
  Не е изгубен Не е повреден без рестрикции ползва се в читалня 305626 Регионална библиотека "Любен Каравелов" Русе Регионална библиотека "Любен Каравелов" Русе Хранилище 2016-02-18 Основен фонд - ползва се само за читалня 10.00 Автограф: Магдалена Абаджиева 120000798000 Цб 279598 120000798000 1 5.11 Дост: DA Вид: А N: 5 Дата: 18.02.2016 Книги  
  Не е изгубен Не е повреден без рестрикции ползва се в читалня 305627 Регионална библиотека "Любен Каравелов" Русе Регионална библиотека "Любен Каравелов" Русе Хранилище 2016-06-15 Хранилище 10.00   120000801034 Цб 279598 120000801034 2 5.11 Дост: Dp Вид: Д N: 19 Дата: 11.04.2016 Книги  
  Не е изгубен Не е повреден   заемане за дома 708934 Регионална библиотека "Любен Каравелов" Русе Регионална библиотека "Любен Каравелов" Русе Заемна - подръчен фонд 2019-05-21 Заемна - подръчен фонд 10.00     П 821.163.2-1/С 76 120000831795   5.11   Книги Universal Decimal Classification
Vip Innovations Ltd, Rousse, Bulgaria 2025